Navrhování mikroprocesorových systémů /

Salvato in:
Dettagli Bibliografici
Autore principale: Slípka, Jaroslav (Autore)
Natura: Libro
Lingua:ceco
Pubblicazione: Praha : SNTL, 1985
Edizione:1.vyd.
Soggetti:
Tags: Aggiungi Tag
Nessun Tag, puoi essere il primo ad aggiungerne!!

MARC

LEADER 00000nam a22000003a 4500
001 stu42054
005 20150617225722.8
008 940209s1985----cs------------------cze-d
040 |a STU  |b slo 
041 0 |a cze 
044 |a cs 
080 |a 681.325 
080 |a 681.51 
100 1 |a Slípka, Jaroslav  |4 aut 
245 1 |a Navrhování mikroprocesorových systémů /  |c [aut.]Jaroslav Slípka 
250 |a 1.vyd. 
260 |a Praha :  |b SNTL,  |c 1985 
300 |a 303 s 
650 7 |a programovanie  |2 stusub 
650 7 |a mikroprocesory  |2 stusub 
650 7 |a navrhovanie  |2 stusub 
650 7 |a Systémy mikroprocesorové  |2 stusub 
650 7 |a Systémy  |2 stusub 
996 |b 284M047631  |c M*101-1  |l MMKN  |s A  |a 24  |w stu42054_0001